| 000 | 00540nam a22001937a 4500 | ||
|---|---|---|---|
| 003 | SISC | ||
| 005 | 20160404141113.0 | ||
| 008 | 130822t xxu||||| |||| 00| 0 eng d | ||
| 020 | _a0205117562 | ||
| 050 |
_aHG 179 _b.W853 1989 |
||
| 082 |
_aHS 336 _bSa4 1989 |
||
| 100 |
_aWolf Harild A. _912018 |
||
| 245 |
_aPersonal financial planning / _cHarold A. Wolf. |
||
| 260 |
_aBoston : _bAllyn & Bacon, _c1989. |
||
| 300 |
_a118 p. ; _c24 cm. |
||
| 650 |
_aFinance, Personal _xHandbook, manual, etc. _912019 |
||
| 942 |
_2lcc _cBK |
||
| 999 |
_c8978 _d8978 |
||